000 00642nam a2200253Ia 4500
005 20250425162432.0
008 250425s9999 xx 000 0 und d
020 _a9586310868
041 _aspa
082 _a631.417
100 _aSALAMANCA SANABRIA, RAFAEL
245 0 _aSUELOS Y FERTILIZANTES
250 _a1A ED.
260 _aBOGOTA
260 _aColombia
_bUNIVERSIDAD SANTO TOMAS
_c2006
300 _a345
650 _aCONSERVACION DEL SUELO
650 _aFERTILIZANTES QUIMICOS
650 _aFERTILIZANTES Y ABONOS
650 _aPROPIEDADES FISICAS
650 _aQUIMICA DE SUELOS
942 _c01
010 _a73743
999 _c229153
_d229153